000 00654nam a2200181 a 4500
005 20140412111310.0
008 010503s19uu xx 00 eng d
020 _a0-14-054819-X
050 _aTR(PS E
_bSi1 1989
100 _aLillegard, Dee
245 _aSitting in my box /
_cby Dee Lillegard; pictures by Jon Agee.
260 _aNew York :
_bPuffin Unicorn,
_c1989.
300 _a1v. (unp.) ; ill.
520 _aWith only his imagination for company, a little boy sits alone in a big cardboard box-but soon is joined by animal after animal, with hilarious results.
650 _aChildren's stories
650 _aAnimals-Stories
999 _c103942
_d103942